[Event "Aurora Fall op U2000"]
[Site "Newmarket CAN"]
[Date "2018.10.21"]
[Round "5.5"]
[White "Lim, Levi"]
[Black "Chakkoli, Shiva"]
[Result "1-0"]
[WhiteElo "1793"]
[BlackElo "1666"]
[Annotator "vyras"]
[PlyCount "83"]
[EventDate "2018.10.20"]
[EventType "swiss"]
[EventRounds "5"]
[EventCountry "CAN"]

1. e4 b6 2. d4 g6 3. Nf3 Bb7 4. Bc4 e6 5. Qe2 Ne7 6. Bg5 Bg7 7. O-O O-O 8. Nbd2
f6 9. Bh4 Kh8 10. h3 d5 11. Bd3 Nbc6 12. c3 Qd7 13. Rad1 dxe4 14. Nxe4 Nf5 15.
Bg3 Nxg3 16. Nxg3 Rae8 17. Rfe1 Qc8 18. Qc2 Ne7 19. Be4 c6 20. c4 Rd8 21. Qb3
f5 22. Bc2 Bf6 23. Qa3 a6 24. Ne2 c5 25. Nf4 Bxf3 26. Qxf3 Rd6 27. d5 e5 28.
Ne6 Re8 29. Ba4 Rg8 30. Qc3 b5 31. f4 b4 32. Qe3 Rxe6 33. dxe6 Qxe6 34. fxe5
Bg7 35. Qxc5 f4 36. Bd7 Qf7 37. Bg4 h5 38. Rd7 Bf8 39. Bf3 Rg7 40. Qxb4 Qf5 41.
Qd2 Qf7 42. b3 {...} 1-0

[Event "Aurora Fall op U2000"]
[Site "Newmarket CAN"]
[Date "2018.10.21"]
[Round "5.6"]
[White "Hua, Michelle"]
[Black "Kuehl, Scott"]
[Result "1/2-1/2"]
[WhiteElo "1172"]
[BlackElo "1588"]
[PlyCount "76"]
[EventDate "2018.10.20"]
[EventType "swiss"]
[EventRounds "5"]
[EventCountry "CAN"]

1. c4 Nf6 2. g3 c5 3. Bg2 Nc6 4. Nc3 e6 5. Nf3 d5 6. cxd5 exd5 7. d4 Be6 8. O-O
Qd7 9. Bg5 Ne4 10. Bf4 Be7 11. dxc5 Bxc5 12. Nxe4 dxe4 13. Ng5 f5 14. Nxe6 Qxe6
15. Qc2 b6 16. Rfd1 Nd4 17. Qd2 Rd8 18. Kh1 O-O 19. Bg5 Be7 20. Bxe7 Qxe7 21.
Rab1 Qe6 22. a3 Qb3 23. Bf1 Ne6 24. Qc1 Rc8 25. Qd2 Rfd8 26. Qe1 Nc5 27. Bh3 g6
28. Rdc1 Na4 29. Rxc8 Rxc8 30. Qd2 Qc2 31. Qd5+ Kf8 32. Qd6+ Ke8 33. Qe6+ Kf8
34. Qf6+ Kg8 35. Qe6+ Kg7 36. Qe7+ Kh6 37. Qh4+ Kg7 38. Qe7+ Kg8 1/2-1/2

[Event "Aurora Fall op U2000"]
[Site "Newmarket CAN"]
[Date "2018.10.21"]
[Round "5.7"]
[White "Qiao, Joey"]
[Black "Gao, William"]
[Result "1/2-1/2"]
[WhiteElo "1486"]
[BlackElo "1369"]
[PlyCount "69"]
[EventDate "2018.10.20"]
[EventType "swiss"]
[EventRounds "5"]
[EventCountry "CAN"]

1. e4 c5 2. Nf3 d6 3. Bb5+ Bd7 4. Bxd7+ Qxd7 5. c3 Nf6 6. d3 Nc6 7. h3 g6 8.
Be3 Bg7 9. Nbd2 O-O 10. O-O Rac8 11. Rc1 e6 12. Ne1 Rfe8 13. f4 Qe7 14. Nb3 Nd7
15. Qf3 a6 16. Nc2 b5 17. d4 c4 18. Nd2 f5 19. exf5 exf5 20. Rfe1 Qf7 21. Bf2
Ne7 22. Nf1 Nf6 23. Nfe3 Ne4 24. Re2 a5 25. a3 d5 26. Nf1 Rc6 27. Nd2 Nc8 28.
Be3 Rce6 29. Rce1 Nb6 30. Kh2 Na4 31. Rb1 Nxd2 32. Rxd2 Re4 33. Rdd1 Qe7 34.
Re1 Nb6 35. Rbd1 1/2-1/2

[Event "Aurora Fall op U2000"]
[Site "Newmarket CAN"]
[Date "2018.10.21"]
[Round "5.8"]
[White "Jordan, John"]
[Black "Xie, Austin"]
[Result "0-1"]
[WhiteElo "1567"]
[BlackElo "1382"]
[PlyCount "72"]
[EventDate "2018.10.20"]
[EventType "swiss"]
[EventRounds "5"]
[EventCountry "CAN"]

1. d4 d5 2. c4 e6 3. Nc3 Nf6 4. Bg5 Nbd7 5. e3 c6 6. Nf3 Qa5 7. Bxf6 Nxf6 8. a3
Ne4 9. Qc1 Nd6 10. c5 Nf5 11. Bd3 g6 12. b4 Qc7 13. O-O Bg7 14. a4 O-O 15. b5
f6 16. e4 Bh6 17. Qb2 Ne7 18. Rfe1 f5 19. e5 a6 20. b6 Qd7 21. h4 f4 22. Kf1
Nf5 23. Ke2 Qe7 24. Rh1 Bd7 25. Rh3 Bg7 26. Rah1 Nxd4+ 27. Nxd4 Bxe5 28. Nb3
Bg7 29. f3 e5 30. R3h2 e4 31. fxe4 dxe4 32. Bc4+ Kh8 33. Qc2 Bg4+ 34. Kf1 Rae8
35. Qc1 Qe5 36. Ne2 f3 0-1

[Event "Aurora Fall op U2000"]
[Site "Newmarket CAN"]
[Date "2018.10.21"]
[Round "5.11"]
[White "Gauthier, David"]
[Black "Locham, Divjot"]
[Result "1/2-1/2"]
[WhiteElo "1383"]
[BlackElo "1337"]
[PlyCount "96"]
[EventDate "2018.10.20"]
[EventType "swiss"]
[EventRounds "5"]
[EventCountry "CAN"]

1. e4 e5 2. Nf3 Nc6 3. Bc4 Bc5 4. c3 Nf6 5. d4 exd4 6. cxd4 Bb4+ 7. Bd2 Nxe4 8.
Bxb4 Nxb4 9. Bxf7+ Kxf7 10. Qb3+ Kf8 11. Qxb4+ Qe7 12. Qxe7+ Kxe7 13. O-O Re8
14. Re1 Kf8 15. Ne5 Nf6 16. Nc3 d6 17. Nd3 Bf5 18. Nf4 Rxe1+ 19. Rxe1 Re8 20.
Rxe8+ Kxe8 21. f3 g5 22. Nfd5 Nxd5 23. Nxd5 Kd7 24. g4 Bg6 25. Kf2 c6 26. Nc3
Ke6 27. Ke3 c5 28. dxc5 dxc5 29. Ne4 Bxe4 30. Kxe4 b6 31. f4 gxf4 32. Kxf4 h6
33. h4 Kf6 34. Ke4 Ke6 35. g5 hxg5 36. hxg5 Kf7 37. Kd5 Kg6 38. Kc6 Kxg5 39.
Kb7 c4 40. Kc6 Kf6 41. Kd5 Ke7 42. Kxc4 Kd6 43. Kb5 Kc7 44. Ka6 Kb8 45. b4 Ka8
46. Kb5 Kb7 47. Kc4 Kc6 48. a4 a6 1/2-1/2

[Event "Aurora Fall op U2000"]
[Site "Newmarket CAN"]
[Date "2018.10.21"]
[Round "5.13"]
[White "Xiao, Edward"]
[Black "Liu, Aaron"]
[Result "1/2-1/2"]
[WhiteElo "1428"]
[BlackElo "1583"]
[PlyCount "182"]
[EventDate "2018.10.20"]
[EventType "swiss"]
[EventRounds "5"]
[EventCountry "CAN"]

1. d4 d5 2. c4 e6 3. e3 Nf6 4. Nc3 Be7 5. Bd3 b6 6. Nf3 Bb7 7. O-O O-O 8. Bd2
Nbd7 9. Re1 c5 10. cxd5 Nxd5 11. Nxd5 Bxd5 12. e4 Bb7 13. Bc3 cxd4 14. Bxd4 Bc5
15. Bxc5 Nxc5 16. Bc2 Qe7 17. b4 Na6 18. a3 Nc7 19. Qe2 Rac8 20. Rac1 Ne8 21.
e5 Nc7 22. Nd4 Qg5 23. Nf3 Qh6 24. Nd4 Nd5 25. g3 Rc3 26. Nb5 Ba6 27. Nxc3 Bxe2
28. Nxe2 Qg5 29. f4 Qh5 30. Nd4 g6 31. Be4 Rd8 32. Nc6 Rd7 33. b5 Qg4 34. Rcd1
h5 35. Rd3 h4 36. Bf3 Qf5 37. Nb4 hxg3 38. hxg3 Kg7 39. Kh2 Rd8 40. Kg1 Qh3 41.
Bg2 Qg4 42. Nxd5 exd5 43. Kf2 Qc8 44. Red1 Qc5+ 45. Ke1 d4 46. Bc6 a6 47. Kd2
axb5 48. Rc1 Qe7 49. Bxb5 Qa7 50. a4 Qa5+ 51. Ke2 g5 52. Rcd1 Qb4 53. Kf3 gxf4
54. gxf4 Qc5 55. Ke2 Qd5 56. Rf1 Qe4+ 57. Kd1 Rc8 58. f5 Qxe5 59. f6+ Kh6 60.
Rh3+ Kg6 61. Bd3+ Kg5 62. Rhf3 Qh2 63. R3f2 Qh5+ 64. Kd2 Kh6 65. Be4 Rc3 66.
Rf5 Qh4 67. R5f4 Qg3 68. R4f3 Rxf3 69. Rxf3 Qe5 70. Bc6 Qa5+ 71. Ke2 Qb4 72.
Bb5 Qb2+ 73. Kd3 Kg5 74. Ke4 Qb4 75. Rd3 Kxf6 76. Rxd4 Qe7+ 77. Kf3 Qb7+ 78.
Kf4 Qc7+ 79. Kf3 Ke5 80. Re4+ Kf5 81. Ke3 Kg5 82. Rc4 Qg3+ 83. Kd2 f5 84. Rc6
f4 85. Rc8 Qe3+ 86. Kc2 f3 87. Re8 Qc5+ 88. Kd2 f2 89. Ke2 Kf4 90. Re6 Qc2+ 91.
Kf1 Qf5 1/2-1/2

[Event "Aurora Fall op U2000"]
[Site "Newmarket CAN"]
[Date "2018.10.21"]
[Round "5.14"]
[White "Wang, Eric"]
[Black "Sharma, Vishruth"]
[Result "0-1"]
[WhiteElo "1536"]
[BlackElo "1608"]
[PlyCount "72"]
[EventDate "2018.10.20"]
[EventType "swiss"]
[EventRounds "5"]
[EventCountry "CAN"]

1. e4 c5 2. c3 Nf6 3. e5 Nd5 4. d4 cxd4 5. cxd4 Nc6 6. Nf3 e6 7. Bc4 Bb4+ 8.
Bd2 Bxd2+ 9. Qxd2 Nb6 10. Bb3 O-O 11. Nc3 a6 12. Ne4 Ne7 13. h4 Nbd5 14. Nd6
Nc7 15. g4 Nb5 16. Ne4 d5 17. Ng3 Nc6 18. a4 Nba7 19. Ke2 f6 20. Bc2 fxe5 21.
dxe5 Qb6 22. Qd3 g6 23. Raf1 Rxf3 24. Qd2 Nd4+ 25. Ke1 Qxb2 26. h5 Nxc2+ 27.
Kd1 Ne3+ 28. fxe3 Qxd2+ 29. Kxd2 Rxg3 30. hxg6 hxg6 31. Rh6 Kg7 32. Rfh1 Rg2+
33. Kd3 Rf2 34. Rh7+ Kf8 35. Rc7 Rf7 36. Rh8+ Kg7 0-1

[Event "Aurora Spring op"]
[Site "Aurora CAN"]
[Date "2018.03.24"]
[Round "1.1"]
[White "Hambleton, Aman"]
[Black "Ferreira, Alex"]
[Result "1-0"]
[WhiteElo "2501"]
[BlackElo "1933"]
[PlyCount "77"]
[EventDate "2018.03.24"]
[EventType "swiss"]
[EventRounds "5"]
[EventCountry "CAN"]

1. c4 e5 2. g3 Nc6 3. Bg2 Bc5 4. Nc3 d6 5. Nf3 Nf6 6. e3 O-O 7. O-O h6 8. d4
Bb4 9. Nd5 e4 10. Nd2 Bxd2 11. Bxd2 Re8 12. f3 Nxd5 13. cxd5 Nb8 14. fxe4 Nd7
15. Rc1 Nf6 16. Qc2 b6 17. e5 dxe5 18. d6 e4 19. dxc7 Qd5 20. Rxf6 gxf6 21. Qc6
Qxc6 22. Rxc6 Bb7 23. Rc1 Bd5 24. a3 f5 25. Bh3 Be6 26. Bb4 Kg7 27. Rd1 f4 28.
Bxe6 fxe6 29. exf4 Kf6 30. Kf2 h5 31. Ke3 Rg8 32. Rg1 Kf5 33. h3 Rg7 34. Bd6
Rag8 35. g4+ hxg4 36. hxg4+ Rxg4 37. Rxg4 Kxg4 38. Kxe4 Re8 39. Be7 1-0

[Event "Aurora Spring op"]
[Site "Aurora CAN"]
[Date "2018.03.24"]
[Round "1.3"]
[White "Plotkin, Victor"]
[Black "Surya, Benito"]
[Result "1-0"]
[WhiteElo "2250"]
[BlackElo "1853"]
[PlyCount "71"]
[EventDate "2018.03.24"]
[EventType "swiss"]
[EventRounds "5"]
[EventCountry "CAN"]

1. e4 d5 2. exd5 Qxd5 3. Nc3 Qa5 4. Nf3 Nf6 5. d4 Bg4 6. h3 Bh5 7. g4 Bg6 8.
Ne5 e6 9. Bg2 c6 10. a3 Nbd7 11. Nxg6 hxg6 12. Bf4 O-O-O 13. b4 Qb6 14. O-O Nd5
15. Nxd5 exd5 16. Qd3 Nf6 17. Rfe1 Bd6 18. Bxd6 Rxd6 19. Re7 Rd7 20. Rae1 Qd8
21. R7e5 Ne8 22. b5 cxb5 23. Qxb5 Nc7 24. Qb3 Kb8 25. c4 f6 26. R5e3 Qc8 27. c5
Ka8 28. a4 Re8 29. Qc2 g5 30. Qg6 Rg8 31. Bf1 Qf8 32. Bb5 Qf7 33. Qc2 Nxb5 34.
axb5 Rc8 35. Qa2 Rb8 36. Qxa7+ 1-0

[Event "Aurora Spring op"]
[Site "Aurora CAN"]
[Date "2018.03.24"]
[Round "1.5"]
[White "Rek, Slava"]
[Black "Colvin, Andrew"]
[Result "1-0"]
[WhiteElo "2124"]
[BlackElo "1797"]
[PlyCount "62"]
[EventDate "2018.03.24"]
[EventType "swiss"]
[EventRounds "5"]
[EventCountry "CAN"]

1. e4 e5 2. Nf3 Nc6 3. Bb5 Nf6 4. Nc3 Bb4 5. Nd5 Bc5 6. d3 h6 7. O-O a6 8. Ba4
d6 9. Be3 b5 10. Bb3 Nd4 11. Nxd4 exd4 12. Bd2 c6 13. Nf4 O-O 14. Qf3 Re8 15.
Rae1 Qd7 16. h3 Bb7 17. Re2 Bb6 18. Rfe1 c5 19. c4 b4 20. g4 Bc6 21. Ng2 Nh7
22. Qg3 Bc7 23. f4 a5 24. Rf1 a4 25. Bd1 Bd8 26. Ne1 Qe7 27. Nf3 Kh8 28. Rh2
Rf8 29. Kf2 f6 30. h4 g6 31. f5 g5 1-0

[Event "Aurora Spring op"]
[Site "Aurora CAN"]
[Date "2018.03.24"]
[Round "1.6"]
[White "Qiao, Cindy"]
[Black "Cormier, Adam"]
[Result "0-1"]
[WhiteElo "1765"]
[BlackElo "2009"]
[PlyCount "58"]
[EventDate "2018.03.24"]
[EventType "swiss"]
[EventRounds "5"]
[EventCountry "CAN"]

1. e4 c5 2. Nf3 d6 3. d4 cxd4 4. Qxd4 Nc6 5. Bb5 Bd7 6. Bxc6 bxc6 7. c4 e5 8.
Qd3 Qc7 9. Nc3 Ne7 10. b3 Ng6 11. Ne2 Be7 12. Bb2 O-O 13. O-O f5 14. Nd2 Rad8
15. Rac1 Bg5 16. Rcd1 Be6 17. Ng3 Nf4 18. Qc2 g6 19. Nf3 Bf6 20. Ba3 Be7 21.
Bc1 fxe4 22. Qxe4 Bg4 23. Bxf4 Rxf4 24. Qe3 Rdf8 25. Ne2 Rxf3 26. gxf3 Bxf3 27.
Rfe1 Qc8 28. Qh6 Qg4+ 29. Ng3 Bxd1 0-1

[Event "Aurora Spring op"]
[Site "Aurora CAN"]
[Date "2018.03.24"]
[Round "1.7"]
[White "Li, William"]
[Black "Rusonik, Max"]
[Result "0-1"]
[WhiteElo "1918"]
[BlackElo "1806"]
[PlyCount "56"]
[EventDate "2018.03.24"]
[EventType "swiss"]
[EventRounds "5"]
[EventCountry "CAN"]

1. d4 f5 2. Bg5 g6 3. e3 Bg7 4. h4 h6 5. Bf4 Nf6 6. Bd3 d6 7. c4 Nc6 8. d5 e5
9. Bh2 Ne7 10. Nc3 e4 11. Be2 O-O 12. Qd2 a6 13. O-O-O Bd7 14. f3 b5 15. Nh3
Qb8 16. Nf4 b4 17. Nb1 a5 18. Qe1 Qb6 19. Bf1 Rfc8 20. Kd2 c6 21. Ke2 cxd5 22.
Nxd5 Nexd5 23. cxd5 Rc2+ 24. Rd2 Rac8 25. Kf2 Nxd5 26. Qe2 Nxe3 27. Kg3 f4+ 28.
Kf2 Nc4+ 0-1

[Event "Aurora Spring op"]
[Site "Aurora CAN"]
[Date "2018.03.24"]
[Round "1.8"]
[White "Berengolts, Isai"]
[Black "Noritsyn, Sergey"]
[Result "1-0"]
[WhiteElo "2041"]
[BlackElo "2083"]
[PlyCount "67"]
[EventDate "2018.03.24"]
[EventType "swiss"]
[EventRounds "5"]
[EventCountry "CAN"]

1. e4 c5 2. Nf3 d6 3. Bb5+ Nd7 4. a4 Ngf6 5. Nc3 g6 6. d3 Bg7 7. Bf4 O-O 8. Qd2
a6 9. Bc4 Ng4 10. Bb3 Nde5 11. Nxe5 Nxe5 12. Bh6 e6 13. Bxg7 Kxg7 14. d4 cxd4
15. Qxd4 Qg5 16. O-O Qf6 17. Qxd6 Rd8 18. Qb6 Bd7 19. f4 Nc6 20. Rad1 Be8 21.
e5 Qf5 22. Qe3 Nb4 23. Ne4 Rxd1 24. Rxd1 Bc6 25. Ng3 Qg4 26. Rd4 Bxg2 27. Kxg2
Nc6 28. h3 Qh4 29. Rd7 Kg8 30. Ne4 Rd8 31. Nf6+ Kg7 32. Rxd8 Nxd8 33. Qg3 Qh6
34. Qg5 1-0

[Event "Aurora Spring op"]
[Site "Aurora CAN"]
[Date "2018.03.24"]
[Round "1.9"]
[White "Ning, Eric"]
[Black "Chakkoli, Shiva"]
[Result "1-0"]
[WhiteElo "1832"]
[BlackElo "1671"]
[PlyCount "137"]
[EventDate "2018.03.24"]
[EventType "swiss"]
[EventRounds "5"]
[EventCountry "CAN"]

1. d4 d5 2. c4 e6 3. Nc3 Nf6 4. cxd5 exd5 5. Bg5 Be7 6. e3 h6 7. Bh4 Nbd7 8.
Bd3 c6 9. f3 c5 10. Nge2 cxd4 11. Nxd4 O-O 12. O-O Ne5 13. Qe2 Ng6 14. Bf2 Re8
15. Rfd1 Bd7 16. Bg3 Bc5 17. Bxg6 fxg6 18. Bf2 Kh7 19. Nb3 Qb6 20. Nxc5 Qxc5
21. Qd3 Bc6 22. Rac1 Qe7 23. Rd2 a6 24. Re1 Rad8 25. Qc2 Rd7 26. Ne2 Rc8 27.
Nf4 Qf7 28. Rd4 b5 29. h4 Bb7 30. Qd3 h5 31. Kh2 Kh6 32. Nh3 Qe6 33. Bg3 Qf5
34. Bf4+ Kh7 35. Ng5+ Kh8 36. Qe2 Rc2 37. Rd2 Rxd2 38. Qxd2 Nh7 39. Rc1 Nxg5
40. hxg5 Kh7 41. Qd4 Qe6 42. Rc5 Rf7 43. Qc3 h4 44. Rc7 h3 45. Rxf7 Qxf7 46.
Kxh3 Qd7+ 47. Kg3 Bc8 48. Qc7 Kg8 49. Qxd7 Bxd7 50. Be5 Kf7 51. b4 Bf5 52. Kf4
Bb1 53. a3 Bd3 54. Bd4 Bf1 55. g3 Bd3 56. Ke5 Bc4 57. Kd6 Be2 58. f4 Bf3 59.
Kc6 Ke6 60. Kc7 Bg4 61. Bxg7 Ke7 62. Bd4 Be6 63. Bc5+ Ke8 64. Kd6 Bf7 65. g4
Bg8 66. f5 Bf7 67. Ke5 Kd7 68. Kf6 Ke8 69. fxg6 1-0

[Event "Aurora Spring op"]
[Site "Aurora CAN"]
[Date "2018.03.24"]
[Round "1.10"]
[White "Zhao, Jeffrey Renfei"]
[Black "Mindrigan, Dumitru"]
[Result "0-1"]
[WhiteElo "1706"]
[BlackElo "2018"]
[PlyCount "64"]
[EventDate "2018.03.24"]
[EventType "swiss"]
[EventRounds "5"]
[EventCountry "CAN"]

1. e4 c5 2. Nf3 Nc6 3. d4 cxd4 4. Nxd4 Nf6 5. Nc3 e5 6. Ndb5 d6 7. Bg5 a6 8.
Na3 b5 9. Nd5 Be7 10. Bxf6 Bxf6 11. c3 O-O 12. Nc2 Rb8 13. Be2 Bg5 14. Qd3 f5
15. Bf3 Kh8 16. Nce3 f4 17. Nc2 a5 18. a3 Be6 19. Rd1 Ne7 20. h4 Bxh4 21. Rxh4
Nxd5 22. Rh1 Nb6 23. Qxd6 Qf6 24. Be2 Na4 25. Rb1 Ba2 26. Qxf6 Rxf6 27. Ra1 Bb3
28. Bd1 g6 29. Rb1 Rd6 30. f3 Rbd8 31. Ne3 Ba2 32. Ra1 fxe3 0-1

[Event "Aurora Spring op"]
[Site "Aurora CAN"]
[Date "2018.03.24"]
[Round "2.1"]
[White "Cormier, Adam"]
[Black "Hambleton, Aman"]
[Result "0-1"]
[WhiteElo "2009"]
[BlackElo "2501"]
[PlyCount "90"]
[EventDate "2018.03.24"]
[EventType "swiss"]
[EventRounds "5"]
[EventCountry "CAN"]

1. d4 Nf6 2. c4 e6 3. g3 c5 4. d5 exd5 5. cxd5 d6 6. Nc3 g6 7. Bg2 Bg7 8. Nf3
O-O 9. O-O Nbd7 10. Qd3 a6 11. a4 Ng4 12. h3 Nge5 13. Nxe5 Nxe5 14. Qc2 f5 15.
e4 fxe4 16. Nxe4 Nf3+ 17. Kh1 Nd4 18. Qd1 Bf5 19. Bf4 Qd7 20. Kh2 Bxe4 21. Bxe4
Rxf4 22. gxf4 Rf8 23. Qg4 Qe7 24. Rae1 Rxf4 25. Qxf4 Be5 26. Qxe5 Qxe5+ 27. f4
Qf6 28. Rf2 b5 29. Rg1 Kf7 30. axb5 axb5 31. Ra1 Kg7 32. Kg3 Qe7 33. Re1 c4 34.
Rff1 Qf6 35. h4 h5 36. Rg1 Nf5+ 37. Bxf5 Qxf5 38. Kf3 Qxd5+ 39. Re4 Kf6 40. Rg5
Qd3+ 41. Re3 Qf1+ 42. Kg3 b4 43. f5 gxf5 44. Rf3 Qg1+ 45. Kh3 Qg4+ 0-1

[Event "Aurora Spring op"]
[Site "Aurora CAN"]
[Date "2018.03.24"]
[Round "2.3"]
[White "Mindrigan, Dumitru"]
[Black "Plotkin, Victor"]
[Result "1/2-1/2"]
[WhiteElo "2018"]
[BlackElo "2250"]
[PlyCount "119"]
[EventDate "2018.03.24"]
[EventType "swiss"]
[EventRounds "5"]
[EventCountry "CAN"]

1. d4 Nf6 2. c4 e6 3. Nf3 b6 4. g3 Bb7 5. Bg2 d5 6. O-O Be7 7. Bf4 O-O 8. Ne5
Qc8 9. Nc3 dxc4 10. Qa4 Bxg2 11. Kxg2 Qb7+ 12. Kg1 Nd5 13. Qxc4 Nxf4 14. gxf4
Na6 15. Rad1 Nb4 16. e4 c6 17. a3 b5 18. Qe2 Na6 19. Rd3 f6 20. Ng4 Rfd8 21.
Rfd1 b4 22. axb4 Nxb4 23. Rg3 Kh8 24. Ne3 Bf8 25. Qh5 Rd7 26. Qg4 Qc8 27. Rh3
Qe8 28. f5 exf5 29. Qxf5 h6 30. d5 Rad8 31. Ra1 cxd5 32. Ncxd5 Nc6 33. Ra6 Nd4
34. Qg4 Qf7 35. Nf5 Nxf5 36. Qxf5 Rxd5 37. exd5 Rxd5 38. Qe6 Rd1+ 39. Kg2 Qxe6
40. Rxe6 Bc5 41. Re2 Kh7 42. Rc3 Bb6 43. Rcc2 Rd5 44. h4 Rd4 45. Kg3 h5 46. f3
Rd7 47. Rcd2 Rb7 48. Rd3 Kh6 49. b3 Bc7+ 50. Kg2 Be5 51. Re4 g5 52. Kh3 Kg6 53.
Rc4 Kf5 54. Re4 g4+ 55. Kg2 gxf3+ 56. Kxf3 Rg7 57. Rc4 Rg3+ 58. Ke2 Rg2+ 59.
Kf3 Rg3+ 60. Ke2 1/2-1/2

[Event "Aurora Spring op"]
[Site "Aurora CAN"]
[Date "2018.03.24"]
[Round "2.5"]
[White "Rusonik, Max"]
[Black "Rek, Slava"]
[Result "0-1"]
[WhiteElo "1806"]
[BlackElo "2124"]
[PlyCount "112"]
[EventDate "2018.03.24"]
[EventType "swiss"]
[EventRounds "5"]
[EventCountry "CAN"]

1. e4 g6 2. d4 Bg7 3. f4 c5 4. Nf3 cxd4 5. Nxd4 Nc6 6. Nxc6 bxc6 7. Nc3 d6 8.
Be3 Nf6 9. Be2 O-O 10. O-O Rb8 11. Rb1 Qa5 12. Qd2 Re8 13. h3 Ba6 14. Bxa6 Qxa6
15. e5 Nd7 16. Ne4 d5 17. Nc5 Nxc5 18. Bxc5 e6 19. a3 Bf8 20. Bxf8 Rxf8 21. Qc3
Rfc8 22. b4 c5 23. bxc5 Rxb1 24. Rxb1 Qc6 25. Kf1 Qxc5 26. Qxc5 Rxc5 27. Rb7
Ra5 28. Rb3 Ra4 29. g3 h6 30. Ke2 Kg7 31. Kf3 Rc4 32. c3 g5 33. fxg5 hxg5 34.
Ke3 Kg6 35. g4 Ra4 36. Kd3 Rf4 37. Ke3 Re4+ 38. Kd3 Ra4 39. Kd2 f6 40. exf6
Kxf6 41. Kc2 Ke5 42. Kb2 Ra6 43. Rb7 Rb6+ 44. Rxb6 axb6 45. Kb3 Kf4 46. Kb4 e5
47. c4 dxc4 48. Kxc4 e4 49. a4 e3 50. Kd3 Kf3 51. h4 e2 52. hxg5 e1=Q 53. Kc4
Qe5 54. g6 Kxg4 55. g7 Qxg7 56. Kb5 Qa7 0-1

[Event "Aurora Spring op"]
[Site "Aurora CAN"]
[Date "2018.03.24"]
[Round "2.6"]
[White "Colvin, Andrew"]
[Black "Li, William"]
[Result "1-0"]
[WhiteElo "1797"]
[BlackElo "1918"]
[PlyCount "55"]
[EventDate "2018.03.24"]
[EventType "swiss"]
[EventRounds "5"]
[EventCountry "CAN"]

1. d4 Nf6 2. c4 e6 3. Nc3 Bb4 4. Qc2 O-O 5. Nf3 c5 6. dxc5 Na6 7. g3 Nxc5 8.
Bg2 Nfe4 9. O-O Bxc3 10. bxc3 d6 11. Nd4 f5 12. Ba3 a6 13. Nb3 Qc7 14. Rad1 Rb8
15. Nxc5 Nxc5 16. Rd2 Bd7 17. Bxc5 Qxc5 18. Rfd1 f4 19. Qd3 fxg3 20. Qxg3 Rf6
21. Qxd6 Qxf2+ 22. Kh1 Rbf8 23. Qxd7 Rg6 24. Qxb7 Qh4 25. Qe4 Qg5 26. Rd3 Qa5
27. Rf3 Rb8 28. Qf4 1-0

[Event "Aurora Spring op"]
[Site "Aurora CAN"]
[Date "2018.03.24"]
[Round "2.7"]
[White "Noritsyn, Sergey"]
[Black "Fradkin, Benjamin"]
[Result "1-0"]
[WhiteElo "2083"]
[BlackElo "1916"]
[PlyCount "53"]
[EventDate "2018.03.24"]
[EventType "swiss"]
[EventRounds "5"]
[EventCountry "CAN"]

1. e4 c6 2. d4 d5 3. exd5 cxd5 4. Bd3 Nc6 5. c3 Nf6 6. Nf3 Qb6 7. O-O Bg4 8. b4
e6 9. b5 Na5 10. Nbd2 Bd6 11. Qc2 Rc8 12. Re1 Nc4 13. Bxc4 dxc4 14. a4 Bf5 15.
Qxf5 O-O 16. Qc2 Nd5 17. Ne5 Qc7 18. Ne4 Bxe5 19. dxe5 Qxe5 20. Ba3 Qf5 21.
Bxf8 Rxf8 22. Qe2 Qg6 23. Qxc4 f5 24. Nc5 Rc8 25. Qd4 b6 26. Rxe6 Nxc3 27. Qd7
1-0

[Event "Aurora Spring op"]
[Site "Aurora CAN"]
[Date "2018.03.24"]
[Round "2.8"]
[White "Ferreira, Alex"]
[Black "Qiao, Cindy"]
[Result "0-1"]
[WhiteElo "1933"]
[BlackElo "1765"]
[PlyCount "78"]
[EventDate "2018.03.24"]
[EventType "swiss"]
[EventRounds "5"]
[EventCountry "CAN"]

1. e4 c5 2. Nf3 d6 3. d4 cxd4 4. Nxd4 Nf6 5. Nc3 g6 6. Be2 Bg7 7. Be3 Nc6 8.
Qd2 O-O 9. Nxc6 bxc6 10. Bh6 Rb8 11. Bxg7 Kxg7 12. Rb1 Qb6 13. O-O Rd8 14. Kh1
Ba6 15. f3 Bxe2 16. Nxe2 Qa6 17. b3 Rd7 18. c4 Rbd8 19. Nc3 Qb7 20. Rbd1 Qc7
21. Qe3 e5 22. f4 Re8 23. fxe5 Rxe5 24. Qf3 Qd8 25. Ne2 Nxe4 26. Nd4 Qc7 27.
Rde1 d5 28. Rxe4 dxe4 29. Qf6+ Kg8 30. Qxc6 Qxc6 31. Nxc6 Re6 32. Nb4 Rd2 33.
Kg1 e3 34. Re1 a5 35. Nd5 Rxa2 36. Kf1 Rf2+ 37. Kg1 Rb2 38. c5 Kf8 39. Rc1 e2
0-1

[Event "Aurora Spring op"]
[Site "Aurora CAN"]
[Date "2018.03.24"]
[Round "2.9"]
[White "Chakkoli, Shiva"]
[Black "Kang, Dorian"]
[Result "0-1"]
[WhiteElo "1671"]
[BlackElo "1883"]
[PlyCount "66"]
[EventDate "2018.03.24"]
[EventType "swiss"]
[EventRounds "5"]
[EventCountry "CAN"]

1. e4 c5 2. f4 d5 3. e5 Nc6 4. Nf3 Bg4 5. Be2 e6 6. c3 Be7 7. O-O h5 8. d3 Nh6
9. Be3 Nf5 10. Bf2 Qc7 11. h3 Bxf3 12. Bxf3 g6 13. g3 O-O-O 14. a3 Rdg8 15. Kh2
Qd8 16. b4 Qf8 17. Qa4 Kb8 18. Nd2 g5 19. Rab1 g4 20. bxc5 Qc8 21. Be2 h4 22.
d4 hxg3+ 23. Bxg3 Rxh3+ 24. Kg1 Rxg3+ 25. Kf2 Ka8 26. Rb3 Bh4 27. Rfb1 Rxc3+
28. Kg1 Rxb3 29. Nxb3 Bd8 30. Bb5 g3 31. Rd1 g2 32. Nc1 Rh8 33. Rd3 Rh1+ 0-1

[Event "Aurora Spring op"]
[Site "Aurora CAN"]
[Date "2018.03.24"]
[Round "2.10"]
[White "Surya, Benito"]
[Black "Zhao, Jeffrey Renfei"]
[Result "1-0"]
[WhiteElo "1853"]
[BlackElo "1706"]
[PlyCount "95"]
[EventDate "2018.03.24"]
[EventType "swiss"]
[EventRounds "5"]
[EventCountry "CAN"]

1. e4 e5 2. Nf3 Nc6 3. Bb5 a6 4. Bxc6 dxc6 5. Nc3 Bd6 6. d4 Bg4 7. dxe5 Bxf3 8.
Qxf3 Bxe5 9. Bf4 Qe7 10. Bxe5 Qxe5 11. Qg3 Qxg3 12. hxg3 Nf6 13. O-O-O O-O 14.
Rd2 Rfe8 15. f3 g5 16. Ne2 c5 17. Nc3 c6 18. Na4 Re5 19. Nb6 Rae8 20. Rh6 R5e6
21. Nd7 Kg7 22. Rxf6 Rxf6 23. Nxf6 Kxf6 24. Rd7 Re7 25. Rxe7 Kxe7 26. c4 Ke6
27. Kd2 f6 28. a4 b5 29. b3 Ke5 30. Ke3 Ke6 31. f4 h6 32. Kf3 h5 33. g4 h4 34.
g3 hxg3 35. Kxg3 Kf7 36. Kf3 Kg6 37. Ke3 Kf7 38. e5 Ke6 39. exf6 Kxf6 40. fxg5+
Kxg5 41. Kf3 Kg6 42. Kf4 Kf6 43. g5+ Kg6 44. Kg4 a5 45. Kf4 bxa4 46. bxa4 Kg7
47. Kf5 Kf7 48. Ke5 1-0

[Event "Aurora Spring op"]
[Site "Aurora CAN"]
[Date "2018.03.24"]
[Round "3.2"]
[White "Rek, Slava"]
[Black "Mindrigan, Dumitru"]
[Result "1-0"]
[WhiteElo "2124"]
[BlackElo "2018"]
[PlyCount "137"]
[EventDate "2018.03.24"]
[EventType "swiss"]
[EventRounds "5"]
[EventCountry "CAN"]

1. e4 c5 2. Nf3 Nc6 3. Bb5 g6 4. O-O Bg7 5. Re1 Nf6 6. Nc3 O-O 7. e5 Ne8 8. h3
Nc7 9. Bxc6 dxc6 10. d3 b6 11. b3 Ne6 12. Bb2 Nd4 13. a4 a5 14. Ne4 Be6 15.
Bxd4 cxd4 16. Qd2 c5 17. Qf4 Bd5 18. Re2 Qc7 19. Qh4 f6 20. exf6 exf6 21. Rae1
h6 22. Qg3 Qxg3 23. fxg3 h5 24. Nfd2 Bh6 25. Nf1 Ra7 26. Nd6 Rd7 27. Nc4 Rb8
28. Re8+ Rxe8 29. Rxe8+ Kf7 30. Rb8 Bxc4 31. bxc4 Rd6 32. g4 hxg4 33. hxg4 Bf4
34. Rb7+ Ke6 35. Kf2 Rc6 36. Rg7 Rc8 37. g3 Rc7 38. Rg8 Bg5 39. Rb8 Rc6 40. Nh2
f5 41. Kg2 Be3 42. gxf5+ Kxf5 43. Rf8+ Ke6 44. Ng4 Bg5 45. Kf3 Ke7 46. Rb8 Re6
47. Rb7+ Kd8 48. Rg7 Ke8 49. Nf2 Bh6 50. Rb7 Re3+ 51. Kg4 Re6 52. Ne4 Bf8 53.
Rb8+ Ke7 54. Kg5 Bg7 55. Rb7+ Kf8 56. g4 Be5 57. Rd7 Kg8 58. Kh4 Bf4 59. Kh3
Be5 60. Kg2 Bg7 61. Rd8+ Bf8 62. Kf3 Kg7 63. Kf4 Be7 64. Rd7 Kf8 65. Rb7 Ke8
66. c3 Rxe4+ 67. dxe4 Bg5+ 68. Kxg5 dxc3 69. Rh7 1-0